Every City in Alaska - Statistics

General Stats
  • This quiz has been taken 10 times
  • The average score is 8 of 121
Answer Stats
City Population % Correct
Anchorage 293,531
100%
Fairbanks 31,551
90%
Juneau 32,227
90%
Utqiagvik 4,416
70%
Ketchikan 8,228
50%
Nome 3,850
50%
Sitka 8,640
50%
Kodiak 6,022
40%
Seward 2,773
30%
Homer 5,709
20%
Skagway 1,059
20%
Wasilla 10,071
20%
Badger 18,911
10%
Bethel 6,472
10%
Cordova 2,829
10%
Dillingham 2,215
10%
Eielson 3,229
10%
Houston 1,977
10%
Kenai 7,742
10%
Knik-Fairview 17,457
10%
Kotzebue 3,287
10%
North Pole 2,740
10%
Palmer 7,131
10%
Petersburg 3,136
10%
Prudhoe Bay 1,718
10%
Soldotna 4,649
10%
Tok 1,289
10%
Unalaska 4,724
10%
Valdez 3,847
10%
Akiachak 573
0%
Akutan 731
0%
Alakanuk 813
0%
Anchor Point 2,129
0%
Angoon 506
0%
Aniak 526
0%
Bear Creek 1,178
0%
Big Delta 556
0%
Big Lake 2,678
0%
Buckland 675
0%
Buffalo Soapstone 975
0%
Chena Ridge 6,111
0%
Chevak 1,037
0%
Cohoe 1,223
0%
College 12,791
0%
Craig 1,189
0%
Delta Junction 993
0%
Deltana 2,430
0%
Denali Park 872
0%
Diamond Ridge 1,245
0%
Eek 523
0%
Emmonak 855
0%
Ester 1,622
0%
Farmers Loop 5,214
0%
Farm Loop 1,170
0%
Fishhook 6,788
0%
Fort Yukon 561
0%
Fox River 517
0%
Fritz Creek 2,074
0%
Funny River 1,331
0%
Gambell 591
0%
Gateway 7,076
0%
Goldstream 3,592
0%
Haines 1,863
0%
Happy Valley 588
0%
Healy 968
0%
Hoonah 808
0%
Hooper Bay 1,141
0%
Kake 570
0%
Kalifornsky 8,581
0%
Kasigluk 543
0%
Kasilof 754
0%
King Cove 1,147
0%
Kipnuk 511
0%
Kivalina 683
0%
Klawock 831
0%
Knik River 866
0%
Kodiak Station 1,536
0%
Kotlik 853
0%
Kwethluk 613
0%
Lakes 10,206
0%
Lazy Mountain 1,650
0%
Manokotak 733
0%
Meadow Lakes 8,149
0%
Metlakatla 1,654
0%
Moose Creek 795
0%
Mountain Village 784
0%
New Stuyahok 546
0%
Nikiski 4,316
0%
Ninilchik 836
0%
Noorvik 623
0%
Nunapitchuk 990
0%
Pilot Station 573
0%
Pleasant Valley 614
0%
Point Hope 594
0%
Point MacKenzie 1,264
0%
Quinhagak 876
0%
Ridgeway 2,702
0%
Salamatof 992
0%
Salcha 1,006
0%
Sand Point 1,309
0%
Savoonga 975
0%
Scammon Bay 594
0%
Selawik 792
0%
Stebbins 615
0%
Steele Creek 7,704
0%
Sterling 5,169
0%
St Mary's 747
0%
Susitna North 1,071
0%
Sutton-Alpine 1,458
0%
Talkeetna 1,237
0%
Tanaina 10,464
0%
Thorne Bay 533
0%
Togiak 815
0%
Toksook Bay 546
0%
Tuntutuliak 675
0%
Two Rivers 663
0%
Unalakleet 707
0%
Willow 1,987
0%
Womens Bay 902
0%
Wrangell 2,502
0%
Yakutat 649
0%
No matching quizzes found
Score Distribution
Percent of People with Each Score
Percentile by Number Answered
Your Score History
You have not taken this quiz